|
|
|
|
| LEADER |
00670nam a22002171a 4500 |
| 020 |
|
|
|a 9781844453801
|c 0.00
|
| 040 |
|
|
|a SSUS - Library - Kalady
|
| 082 |
|
|
|a 361.32
|b KAR/S
|
| 100 |
|
|
|a Karin Crawford
|
| 245 |
|
|
|a Social work and human development
|h [Text]
|
| 250 |
|
|
|a 3rd.
|
| 260 |
|
|
|a London
|b Sage
|c 2013
|
| 300 |
|
|
|a 174p.
|
| 600 |
|
|
|a Social Sciences
|
| 600 |
|
|
|a Human Development
|
| 600 |
|
|
|a Social Work
|
| 700 |
|
|
|a Janet Walker
|
| 852 |
|
|
|h 361.32
|i KAR/S
|p 073847
|9 1946.52
|t 0
|
| 942 |
|
|
|c BK
|
| 999 |
|
|
|c 42733
|d 42733
|
| 952 |
|
|
|0 0
|1 0
|4 0
|6 361_320000000000000_KAR_S
|7 0
|9 61924
|a SSUS
|b SSUS
|d 2015-01-08
|g 1946.52
|o 361.32 KAR/S
|p 073847
|r 2015-01-08
|v 0.00
|w 2015-01-08
|y BK
|